Spider-Boy / (Registro nro. 29797)
[ vista simple ]
| 000 -LEADER | |
|---|---|
| fixed length control field | 00613nam a22002057a 4500 |
| 003 - CONTROL NUMBER IDENTIFIER | |
| control field | OSt |
| 005 - DATE AND TIME OF LATEST TRANSACTION | |
| control field | 20221213151003.0 |
| 008 - FIXED-LENGTH DATA ELEMENTS--GENERAL INFORMATION | |
| fixed length control field | 221213s1997 mx a|||gr6||| 00| j spa d |
| 040 ## - CATALOGING SOURCE | |
| Original cataloging agency | CO-JMCR |
| Transcribing agency | CO-JMCR |
| 041 1# - LANGUAGE CODE | |
| Language code of text/sound track or separate title | spa |
| Language code of original | eng |
| 082 04 - DEWEY DECIMAL CLASSIFICATION NUMBER | |
| Classification number | H / |
| Item number | KESs |
| 100 1# - MAIN ENTRY--PERSONAL NAME | |
| Personal name | Kesel, Karl, |
| Relator term | autor |
| 9 (RLIN) | 42533 |
| 245 10 - TITLE STATEMENT | |
| Title | Spider-Boy / |
| Statement of responsibility, etc. | Karl Kesel ; Mike Wieringo, dibujo |
| 250 ## - EDITION STATEMENT | |
| Edition statement | Primera edición |
| 260 ## - PUBLICATION, DISTRIBUTION, ETC. | |
| Place of publication, distribution, etc. | México : |
| Name of publisher, distributor, etc. | Grupo Editorial VID, |
| Date of publication, distribution, etc. | 1997 |
| 300 ## - PHYSICAL DESCRIPTION | |
| Extent | 24 páginas : |
| Other physical details | ilustraciones a color ; |
| Dimensions | 26 cm |
| 650 14 - SUBJECT ADDED ENTRY--TOPICAL TERM | |
| Topical term or geographic name entry element | Tiras cómicas |
| 9 (RLIN) | 5616 |
| 700 1# - ADDED ENTRY--PERSONAL NAME | |
| Personal name | Wieringo, Mike, |
| Relator term | ilustrador |
| 9 (RLIN) | 42534 |
| 942 ## - ADDED ENTRY ELEMENTS (KOHA) | |
| Source of classification or shelving scheme | Dewey Decimal Classification |
| Koha item type | Books |
| Withdrawn status | Lost status | Source of classification or shelving scheme | Damaged status | Not for loan | Home library | Current library | Date acquired | Source of acquisition | Total Checkouts | Full call number | Barcode | Date last seen | Date last checked out | Copy number | Price effective from | Koha item type |
|---|---|---|---|---|---|---|---|---|---|---|---|---|---|---|---|---|
| Dewey Decimal Classification | Biblioteca Pública José María del Castillo y Rada | Biblioteca Pública José María del Castillo y Rada | 12/13/2022 | Donación | 16 | H / KESs | 201811498 | 12/02/2025 | 12/02/2025 | Ej.1 | 12/13/2022 | Books |